• 首页
  • 本馆介绍
  • 公告通知
  • 最新文献
  • 馆藏检索
  • 电子资源
  • 读者导购
  • 参考咨询
  • 我的图书馆
  • 登录
  • 详细信息显示
  • 放入我的书架
  • 预约/预借图书
  • 作者相关作品
  • 分类相关作品
  • 丛书相关作品
  • 出版社相关作品

书目信息

  • 表格格式
  • 工作单格式
  • 卡片格式
题名:
当代中国社会发展方法论
    
 
作者: 王忠武 著
分册:  
出版信息: 济南   山东人民出版社  2001
页数: 552页
开本: 20cm
丛书名:
单 册:
中图分类: D668
科图分类:
主题词: 社会发展 , 方法论 , 社会发展--方法论--研究--中国
电子资源:
ISBN: 7-209-02768-8
000 00626nam0 2200241 450
000 00679nam0 2200265 45
001 (011001)c2001045365
005 20070727161023.64
010    @a7-209-02768-8@dCNY28.00
100    @a20010612d2001 emky0chiy0110 ea
101 0  @achi
102    @aCN@b370000
105    @ay z 000yy
200 1  @a当代中国社会发展方法论@f王忠武著
210    @a济南@c山东人民出版社@d2001
215    @a552页@d20cm
606 0  @a社会发展
606 0  @a方法论
606 0  @a社会发展@x方法论@x研究@y中国
690    @aD668@v4
701  0 @a王忠武@4著
801  0 @aCN@bTSSF@c20070727
905    @a10447@dD668@e102
    
    当代中国社会发展方法论/王忠武著.-济南:山东人民出版社,2001
    552页;20cm
    
    
    ISBN 7-209-02768-8:CNY28.00
    
●
相关链接 在E读中查询图书 在五车中查询图书 在当当中查询图书 在豆瓣中查询图书


正题名:当代中国社会发展方法论     索取号:D668/102         预约/预借

序号 登录号 条形码 馆藏地/架位号 状态 备注
1 0783867   207838679   第一借阅区/ [索取号:D668/102] 在馆    
2 0783868   207838688   第一借阅区/ [索取号:D668/102] 在馆    
3 0785035   207850351   第一借阅区/ [索取号:D668/102] 在馆    
唐山师范学院图书馆 欢迎您!
大连网信软件有限公司© 版权所有